| 000 | 00475nam a2200181Ia 4500 | ||
|---|---|---|---|
| 001 | 14870 | ||
| 003 | IN-NITTTR | ||
| 005 | 20251114233140.0 | ||
| 008 | 251113s9999||||xx |||||||||||||| ||eng|| | ||
| 040 | _beng | ||
| 040 | _cIN-NITTTR | ||
| 041 | _aeng | ||
| 082 | _a629.895 A82C R | ||
| 100 | _aAstrom, Karl J. | ||
| 245 | 0 |
_aComputer controlled systems : _b Theory and design / _cAstrom, Karl J., Wittenmark, Bijorn |
|
| 700 | _a Wittenmark, Bijorn | ||
| 942 |
_2ddc _cBK |
||
| 999 |
_c17506 _d17506 |
||